South American Countries With A Unique Starting Letter - Statistics

General Stats
  • This quiz has been taken 43 times
  • The average score is 6 of 6
Answer Stats
Letter Country % Correct
E Ecuador
100%
U Uruguay
100%
V Venezuela
100%
A Argentina
98%
G Guyana
98%
S Suriname
93%
No matching quizzes found
Score Distribution
Percent of People with Each Score
Percentile by Number Answered
Your Score History
You have not taken this quiz